000 00579nam a2200169 4500
001 112399
003 ES-MaACL
005 20230906185524.0
007 t|
008 061121s1960 sp r ||||1| spa d
100 1 _aMuñoz Goyanes, Guillermo.
_984432
245 1 0 _aAnverso y reverso de la mixomatosis /
_cpor Guilermo Muñoz Goyanes.
260 _aMadrid :
_bDirección General de Montes, Caza y Pesca Fluvial,
_c1960.
300 _a154 p. ;
_c25 cm.
710 1 _aEspaña.
_bDirección General de Montes, Caza y Pesca Fluvial.
_93758
852 _aES-MaACL
_jL-6339
_bR.107046
999 _c112399
_d112399